|
|
|
|
| LEADER |
01550nam a22004577a 4500 |
| 001 |
30349 |
| 003 |
BD-DhAAL |
| 005 |
20151104122325.0 |
| 008 |
151021s2013 bg a|||| b||| 00| 0 eng d |
| 040 |
|
|
|a BD-DhAAL
|c BD-DhAAL
|
| 082 |
|
|
|2 22
|a 307.1412095492
|
| 999 |
|
|
|c 36036
|d 36036
|
| 999 |
|
|
|c 36036
|
| 999 |
|
|
|c 36034
|
| 999 |
|
|
|c 36034
|
| 999 |
|
|
|c 35961
|
| 999 |
|
|
|c 35934
|
| 999 |
|
|
|c 35934
|
| 999 |
|
|
|c 35923
|
| 999 |
|
|
|c 35916
|
| 999 |
|
|
|c 35910
|
| 999 |
|
|
|c 35910 | 35909 | 35869 | 35868 | 35864 | 35863
|
| 999 |
|
|
|c 35909
|
| 999 |
|
|
|c 35869
|
| 999 |
|
|
|c 35868
|
| 999 |
|
|
|c 35864
|
| 999 |
|
|
|c 35863
|
| 100 |
|
|
|9 15609
|a Chodhuary, Shuburna
|
| 245 |
|
|
|a Exploring the causes and process of becoming child domestic worker :
|b red working paper no. 35 /
|c Shuburna Chodhuary
|
| 260 |
|
|
|a Dhaka :
|b Research and Evaluation Division, BRAC,
|c 2013
|
| 300 |
|
|
|a 44 p. :
|b ill. ;
|c 25 cm.
|
| 541 |
|
|
|e 30349
|
| 610 |
|
|
|a BRAC
|9 15610
|
| 650 |
|
|
|a Rural Development
|z Bangladesh
|9 15611
|
| 700 |
|
|
|a Islam, Md. Akramul
|9 15732
|
| 700 |
|
|
|a Akter, Jesmin
|9 15983
|
| 710 |
|
|
|a BRAC
|9 15610
|
| 852 |
|
|
|a Ayesha Abed Library
|c BRAC Resource Section
|
| 942 |
|
|
|2 ddc
|c BK
|
| 952 |
|
|
|0 0
|1 0
|2 ddc
|4 0
|6 307_141209549200000_CHO
|7 0
|9 56619
|a BRACUL
|b BRACUL
|c BRS
|d 2015-11-04
|e BRAC
|l 1
|m 10
|o 307.1412095492 CHO
|p 3010030349
|r 2024-05-19
|s 2024-02-28
|t 1
|w 2015-11-04
|y BK
|
| 952 |
|
|
|0 0
|1 0
|2 ddc
|4 0
|6 307_141209549200000_CHO
|7 0
|9 56620
|a BRACUL
|b BRACUL
|c BRS
|d 2015-11-04
|e BRAC
|l 0
|o 307.1412095492 CHO
|p 3010030350
|r 2015-11-04
|t 2
|w 2015-11-04
|y BK
|